| 000 | 00762nam a2200241 a 4500 | ||
|---|---|---|---|
| 999 |
_c4233 _d4233 |
||
| 001 | 4233 | ||
| 003 | BD-JhCC | ||
| 005 | 20171125163446.0 | ||
| 008 | 171125s1965 bg a|||| |||| 00| 0 eng d | ||
| 035 | _a(BD-JhCC)4233 | ||
| 040 |
_aBD-JhCC _dBD-JhCC |
||
| 041 | _aeng | ||
| 082 |
_a428.00712 _bSEC 1965 |
||
| 245 |
_aSecondary Stage English : _bBook One / _cEast Pakistan School Text Book Board. |
||
| 250 | _a10 th Edi. | ||
| 260 |
_aDacca : _bEast Pakistan School Text Book Board, _c1965. |
||
| 300 |
_avi, 169 p. : _billus., _c18 cm. |
||
| 500 | _aPrescribed by East Pakistan School Text Book Board as text book for the session 1966. | ||
| 650 | _aEnglish Language | ||
| 710 | _aEast Pakistan School Text Book Board | ||
| 942 |
_2ddc _cBK |
||